Generator Puzzle #20 - Statistics

General Stats
  • This quiz has been taken 1,143 times
  • The average score is 14 of 21
Answer Stats
Hint Answer % Correct
Great Barrier ____ Reef
94%
Winter neck-warmer Scarf
94%
Frighten Scare
93%
Casual restaurant Cafe
91%
Lager, IPA, ale etc Beer
89%
Front of a person's head Face
86%
Mad dog disease Rabies
84%
Rub out, delete Erase
83%
Less dangerous Safer
76%
Sideways beach scuttler Crab
74%
Vomit, throw up Barf
69%
An iron removes this Crease
67%
Country south of Hungary Serbia
59%
Type-style, sans _____ Serif
58%
Cloth, material Fabric
57%
Even more simple Easier
53%
Powerful, ferocious Fierce
53%
Conclude, stop Cease
49%
Simple, easy Basic
32%
Slapstick comedy Farce
31%
9-Letter Word BRIEFCASE
19%
No matching quizzes found
Score Distribution
Percent of People with Each Score
Percentile by Number Answered
Your Score History
You have not taken this quiz